The Pronghorn of the West

Illustrated by Howard Post. Spotlight Books Instructional V ocabulary Books16 pages

সংরক্ষণ করুন:
গ্রন্থ-পঞ্জীর বিবরন
প্রধান লেখক: Blackaly, Susan
বিন্যাস: গ্রন্থ
ভাষা:Undetermined
প্রকাশিত: New York Macmillan McGraw-Hill 1997
বিষয়গুলি:
ট্যাগগুলো: ট্যাগ যুক্ত করুন
কোনো ট্যাগ নেই, প্রথমজন হিসাবে ট্যাগ করুন!
Thư viện lưu trữ: Trung tâm Học liệu Trường Đại học Cần Thơ
LEADER 00654nam a2200205Ia 4500
001 CTU_141120
008 210402s9999 xx 000 0 und d
020 |c 2.50 
082 |a 372.4122 
082 |b B628 
100 |a Blackaly, Susan 
245 4 |a The Pronghorn of the West 
245 0 |c Susan Blackaly 
260 |a New York 
260 |b Macmillan McGraw-Hill 
260 |c 1997 
520 |a Illustrated by Howard Post. Spotlight Books Instructional V ocabulary Books16 pages 
650 |a Readers (Elementary),Reading (Elementary),Người đọc (căn bản) 
904 |i Năm 
980 |a Trung tâm Học liệu Trường Đại học Cần Thơ